FIFA World Cup Winners - Sudden Death - Statistics

General Stats
  • This quiz has been taken 2,033 times
  • The average score is 7 of 8
Answers on the Grid
Answers color-coded by a green-red scale on the quiz's grid according to % correct below.
Argentina
Australia
Belgium
Brazil
China
Croatia
Czech Republic
England
France
Germany
Italy
Japan
Mexico
Morocco
Netherlands
Portugal
Qatar
Scotland
Soviet Union
Spain
Sweden
Turkey
United States
Uruguay
 
Answer Stats
Answer % Correct
Argentina
99%
Brazil
97%
Germany
93%
France
90%
Italy
89%
England
87%
Spain
83%
Uruguay
78%
No matching quizzes found
Score Distribution
Percent of People with Each Score
Percentile by Number Answered
Your Score History
You have not taken this quiz